| 000 | 01176nam0a2200325 4500 | ||
|---|---|---|---|
| 001 | RU\NLR\bibl\1514699 | ||
| 005 | 20250616024508.0 | ||
| 021 |
_aRU _b2010-28214 _91900 |
||
| 035 | _a(NLR Aleph) 001506082 | ||
| 090 |
_a50692 _c50692 |
||
| 100 | _a20100524d2010 |||y0rusy50 ca | ||
| 101 | 0 |
_arus _deng |
|
| 102 | _aRU | ||
| 105 | _aa ||||||||| | ||
| 200 | 1 |
_aРоль нейтринной материи в эволюции Вселенной _fД.Г. Кошкарев |
|
| 210 |
_aМосква _cИТЭФ _d2010 |
||
| 215 |
_a[1], 7, [1] с. _cграф. _d21 |
||
| 225 | 1 |
_aПрепринт _fИн-т теорет. и эксперим. физики _v4-10, ИТЭФ, 2010 |
|
| 300 | _aРез. на англ. яз. | ||
| 320 | _aБиблиогр. в конце кн. (9 назв.) | ||
| 606 | 1 |
_aВселенная _xЭволюция _92037250 _3RU\NLR\auth\661223055 |
|
| 606 | 1 |
_aНейтрино космических лучей _91465418 _3RU\NLR\auth\66622080 |
|
| 686 | _aВ632.93 | ||
| 686 | _aВ632.5 | ||
| 700 | 1 |
_aКошкарев _bД. Г. _4070 |
|
| 801 | 0 |
_aRU _bNLR _c20100524 _gRCR |
|
| 801 | 1 |
_aRU _bNLR _c20100524 |
|
| 942 | _cBOOK | ||
| 980 | _aNB | ||